Ochrona środowiska - chronione rośliny - Statystyki

Ogólne statystyki
  • Ten quiz został rozwiązany 48 razy
  • Średni wynik to 5 z 7
Statystyki odpowiedzi
Obrazkowy Odpowiedź % Poprawnych
Mikołajek nadmorski
93%
Cis pospolity
87%
Kosodrzewina
80%
Dziewięćsił bezłodygowy
67%
Limba
60%
Szarotka alpejska
47%
Miłek wiosenny
40%
Nie znaleziono quizów pasujących do podanych kryteriów
Rozkład punktacji
Procent ludzi z każdym wynikiem
Percentyl według liczby udzielonych odpowiedzi
Twoja historia wyników
Nie rozwiązałeś tego quizu